[Event "21st Iraklios Athens Challenge 2018"]
[Site "Athens"]
[Date "2018.06.21"]
[Round "6"]
[White "Papadopoulos, Georgios"]
[Black "Nikolov, Momchil"]
[Result "0-1"]
[WhiteElo "2301"]
[BlackElo "2541"]
[Annotator "TA"]
[PlyCount "84"]
[EventDate "2018.06.16"]
[EventType "swiss"]
[EventCountry "GRE"]
[SourceTitle "playchess.com"]
[Source "ChessBase"]
[SourceQuality "1"]

{[%evp 17,84,-14,10,2,8,-65,8,10,16,16,15,12,18,-14,-12,-13,-16,-39,-12,-15,-8,-39,-39,-46,-47,-64,-64,-64,-64,-64,-64,-64,-64,-64,-57,-57,-57,-65,-65,-97,-59,-204,-201,-185,-164,-233,-233,-227,-227,-206,-209,-270,-231,-297,-293,-364,-348,-29979,-29980,-29980,-29981,-29981,-29982,-29982,-29983,-29983,-29984,-29992,-29993]} 1. d4 Nf6 2. Bf4 d5 3. e3 c5 4. c3 Nc6 5. Nd2 Bf5 6. Qb3 {D00: Damenbauernspiele} Qd7 7. Ngf3 c4 8. Qd1 e6 9. Be2 h6 {LiveBook: 11 Partien} 10. a4 $146 ({Vorgänger:} 10. Ne5 Nxe5 11. Bxe5 Be7 12. b3 cxb3 13. axb3 {½-½ (26) Nisipeanu,L (2682)-Ragger,M (2666) Graz 2018}) 10... Bd6 11. a5 (11. Bxd6 $11 Qxd6 12. b3) 11... O-O (11... Bxf4 $1 $15 12. exf4 Qc7) 12. Bxd6 $11 Qxd6 13. b3 cxb3 14. Qxb3 Qc7 15. a6 b6 16. O-O Bg4 17. Qb5 Rac8 18. Rfc1 Bxf3 19. Nxf3 Na5 20. Ne5 Ne4 21. Ra3 Nd6 22. Qb4 Nc6 23. Nxc6 $1 Qxc6 24. Ra2 Rc7 25. Bd3 Rfc8 26. Kf1 Qd7 27. Ke2 Rc6 28. Rac2 Nc4 29. g4 ({Lieber} 29. Kf1 $15) 29... Qd8 $19 30. Rg1 Qh4 31. Bxc4 (31. Rg3 $142) 31... Rxc4 32. Qd6 Rxc3 33. Rxc3 Rxc3 {[%mdl 4096] Endspiel KDT-KDT} 34. Rg2 Qh3 35. Kd2 Rc4 ({Keinesfalls} 35... Qxg2 36. Qb8+ Kh7 37. Kxc3 $19) 36. Rg1 Qf3 37. Rf1 $2 {[#]} (37. Qg3 $19 Qf6 38. Rc1) 37... Qg2 {Schwarz setzt Matt.} 38. Re1 Qxf2+ 39. Re2 Qf1 40. Re1 Qg2+ 41. Re2 Qh1 42. Re1 Qe4 {Precision: Weiß = 34%, Schwarz = 75%.} 0-1

[Event "21st Iraklios Athens Challenge 2018"]
[Site "Athens"]
[Date "2018.06.21"]
[Round "6"]
[White "Katopodis, Dimitrios"]
[Black "Gogolis, Alexandros"]
[Result "1-0"]
[WhiteElo "2256"]
[BlackElo "2204"]
[Annotator "NA"]
[PlyCount "81"]
[EventDate "2018.06.16"]
[EventType "swiss"]
[EventCountry "GRE"]
[SourceTitle "playchess.com"]
[Source "ChessBase"]
[SourceQuality "1"]
[TimeControl "5400+30"]

1. d4 d5 2. Nf3 Nf6 3. c4 c6 4. e3 a6 5. Bd3 Bg4 6. Nbd2 e6 7. O-O Nbd7 8. Qc2 Bd6 9. b3 O-O 10. Bb2 Qb8 11. h3 Bh5 12. Ng5 h6 13. Ngf3 Bxf3 14. Nxf3 Re8 15. Rad1 a5 16. Nd2 a4 17. c5 axb3 18. axb3 Bc7 19. f4 Ra2 20. Ra1 Rxa1 21. Rxa1 Kh8 22. Nf3 Ne4 23. Bxe4 dxe4 24. Ne5 Bxe5 25. dxe5 b6 26. b4 bxc5 27. bxc5 Nxc5 28. Bd4 Nd3 29. Qxc6 Rc8 30. Qxe4 Qb3 31. Kh2 g6 32. Ra7 Kg7 33. f5 gxf5 34. Qh4 Rf8 35. Qf6+ Kg8 36. Qxh6 Qd5 37. Qg5+ Kh7 38. Qf6 Kg8 39. Ra4 Qc6 40. Qg5+ Kh7 41. Bc5 1-0

[Event "21st Iraklios Athens Challenge 2018"]
[Site "Athens"]
[Date "2018.06.22"]
[Round "7"]
[White "Nikolov, Momchil"]
[Black "Tilicheev, Viacheslav"]
[Result "*"]
[WhiteElo "2541"]
[BlackElo "2513"]
[Annotator "TA"]
[PlyCount "6"]
[EventDate "2018.06.16"]
[EventType "swiss"]
[EventCountry "GRE"]
[SourceTitle "playchess.com"]
[Source "ChessBase"]
[SourceQuality "1"]

{[%evp 6,6,127]} 1. c4 Nc6 2. Nf3 d5 (2... e5 3. Nc3 Nf6 4. d3 Bb4 5. e4 O-O 6. g3 d6 7. Bg2 Bg4 8. h3 Bxf3 9. Bxf3 a6 10. O-O Bxc3 11. bxc3 b5 12. cxb5 axb5 13. Bg2 Qe7 14. f4 Nd7 15. f5 {1-0 (65) Rasulov,V (2509)-Stefanov,E (2455) Kesan 2017}) 3. e3 g5 $146 ({Predecessor:} 3... dxc4 4. Bxc4 e5 5. Nc3 Bd6 6. d4 exd4 7. exd4 Nf6 8. O-O O-O 9. Bg5 h6 10. Bh4 Bg4 11. h3 Bxf3 12. Qxf3 g5 13. Bg3 Bxg3 14. Qxg3 Qxd4 15. Bb3 Qd6 16. f4 Nh5 17. Qg4 Nxf4 {1-0 (26) Budnikov,O (2374)-Reprintsev,A (2321) Lutsk 2016}) *

[Event "21st Iraklios Athens Challenge 2018"]
[Site "Athens"]
[Date "2018.06.22"]
[Round "7"]
[White "Drazic, Sinisa"]
[Black "Spyropoulos, Nikolaos"]
[Result "1-0"]
[WhiteElo "2410"]
[BlackElo "2224"]
[Annotator "TA"]
[PlyCount "143"]
[EventDate "2018.06.16"]
[EventType "swiss"]
[EventCountry "GRE"]
[SourceTitle "playchess.com"]
[Source "ChessBase"]
[SourceQuality "1"]

{[%evp 23,143,47,36,25,64,58,82,31,33,22,42,19,8,15,18,6,13,-99,-97,-93,-105,-167,-199,-177,-166,-273,-239,-247,-223,-248,-241,-255,-230,-239,-228,-281,-279,-253,-224,-248,-231,-221,-231,-232,-207,-239,-250,-252,-246,-238,-156,-158,-164,-179,-177,-212,-210,-194,-187,-201,-128,-130,-69,-78,-83,-75,-61,-68,-17,-23,-20,-24,-12,-15,-9,-6,0,0,54,56,175,0,509,0,143,0,4,0,0,0,0,0,147,0,116,0,456,449,422,405,789,803,808,778,829,347,831,758,1508,1444,1725,1687,1265,1122,29990,29991,29991,29983,29991,29992,29992,29993]} 1. d4 Nf6 2. Nf3 d5 3. e3 e6 4. Bd3 c5 5. c3 Nc6 6. Nbd2 Be7 7. O-O O-O 8. Qe2 b6 9. e4 dxe4 10. Nxe4 Bb7 11. dxc5 bxc5 12. Nxf6+ Bxf6 13. Rd1 {And now Bxh7+! would win. D05: Colle System with ...e6} (13. Bf4 {keeps more tension.} Ne7 14. Nd2 Ng6 15. Bg3 Qe7 16. Rad1) 13... Qe7 14. Be3 Rab8 $146 ({Predecessor:} 14... Rfd8 15. Ba6 Rab8 16. Rxd8+ Nxd8 17. Qb5 h6 18. Rc1 Qc7 19. Bxb7 Rxb7 20. Qxc5 Qxc5 21. Bxc5 Rxb2 {0-1 (52) Schmid,H (2200)-Rudnick,W (2108) Verden 1999}) 15. Nd2 (15. Bc2 $16) 15... Ne5 $14 16. Bc2 Bd5 17. b3 (17. Qh5 $2 g6 $19) 17... Ng6 18. Rac1 Rbc8 19. Ne4 Be5 20. Bxc5 (20. Qh5 $11) 20... Rxc5 $17 21. Nxc5 Qxc5 22. Be4 (22. Bxg6 $17 fxg6 23. b4) 22... Bxe4 (22... Bxc3 $2 23. Bxg6 fxg6 24. Rd3 $18) 23. Qxe4 Bf4 $40 {[%mdl 128] White is in trouble.} 24. Rc2 (24. Rb1 {might work better.}) 24... Qh5 25. Qf3 Qxh2+ 26. Kf1 Bc7 27. Qh3 Qe5 28. Rcd2 Bb6 29. Qg3 Qxg3 30. fxg3 Ne7 31. Ke2 Nd5 32. Rd3 Rc8 33. c4 Nb4 34. R3d2 Nc6 35. Rd7 Kf8 36. Rf1 Ne7 37. g4 Rb8 38. g5 Nf5 {...Ng3+ is the strong threat.} 39. Rfd1 Ke8 40. R7d3 e5 41. Rh3 h6 42. Rd5 Bd4 (42... Bc7 $1 $17 43. gxh6 Nxh6) 43. g4 $1 $15 {[%cal Rg4f5]} Ne7 44. gxh6 {Strongly threatening h7!} gxh6 45. Rxh6 Ng6 (45... Nxd5 $15 46. Rh8+ Kd7 47. Rxb8 Nc3+ 48. Kd3 Nxa2) 46. Kf3 $11 Ke7 47. Ke4 Rb6 {White should prevent ...Rf6.} 48. g5 Ra6 49. Rh2 Nf8 50. Rb5 $1 Ne6 ({Black should play} 50... Rb6 $11) 51. Rb7+ $14 {[%mdl 1024] White has compensation.} Kf8 ({Black should try} 51... Kd6 $1 $14) 52. Kf5 $2 (52. Rh8+ $1 $18 Kg7 53. Rbb8 Nxg5+ 54. Kf5 Rf6+ 55. Kxg5 Be3+ 56. Kg4 Rf4+ 57. Kg3) 52... Ng7+ $2 {[%mdl 8192]} (52... Be3 $11 {and Black has nothing to worry.}) 53. Ke4 $2 (53. Kg4 $1 $18 {[%cal Rh2h8] and the rest is easy.} Ne6 54. Rh8+ Kg7 55. Rbb8 f5+ 56. Kxf5 Nxg5 57. Rhg8+ Kf7 58. Rxg5) 53... Ne6 $16 54. Kf5 (54. Rh8+ $1 $16 Kg7 55. Rbb8 Nxg5+ 56. Kf5 Rf6+ 57. Kxg5 Be3+ 58. Kh4 Rf4+ 59. Kg3) 54... Kg8 55. Rb8+ Nf8 $1 56. b4 Ra3 57. c5 Rc3 {[#]} (57... Kg7 $11) 58. Ra8 ({White has to play} 58. Kf6 $1 $16 {Rxf8+! would kill now.} e4+ 59. Ke7) 58... Rc4 {[#]} (58... Kg7 $1 $11 {keeps the balance.}) 59. a3 (59. Rxa7 Bc3 $15) (59. Kf6 $1 $16 e4+ 60. Ke7) 59... Bc3 $2 {[%mdl 8192]} (59... Kg7 $1 $11 {and Black is okay.} 60. Re2 (60. Rxa7 Bc3 $11) 60... Ng6) 60. Kf6 $18 {Intending Rxf8+! and mate.} e4+ 61. Ke7 e3 (61... Bg7 $142 62. Re2 (62. Rxa7 e3 $11) 62... a5) 62. Rxf8+ {[%mdl 4096] Endgame KRR-KRB} Kg7 63. Rxf7+ Kg6 64. Rh6+ Kxg5 65. Re6 a5 66. Rxe3 axb4 67. axb4 Bxb4 68. Re5+ Kg6 69. Rf6+ {White mates.} Kg7 70. Rff5 Bxc5+ 71. Rxc5 Re4+ 72. Rce5 {Precision: White = 59%, Black = 38%.} 1-0

[Event "21st Iraklios Athens Challenge 2018"]
[Site "Athens"]
[Date "2018.06.22"]
[Round "7"]
[White "Ergazakis, Ioannis"]
[Black "Skaperdas, Kostantinos"]
[Result "0-1"]
[WhiteElo "2208"]
[BlackElo "2211"]
[Annotator "TA"]
[PlyCount "78"]
[EventDate "2018.06.16"]
[EventType "swiss"]
[EventCountry "GRE"]
[SourceTitle "playchess.com"]
[Source "ChessBase"]
[SourceQuality "1"]

{[%evp 21,78,46,54,68,96,43,41,43,49,50,50,47,69,25,53,47,45,40,86,86,104,101,104,92,91,92,95,81,94,66,74,29,50,45,45,0,31,0,6,-55,0,0,0,-9,-7,-6,-6,-61,-23,-126,-45,-37,-37,-38,-28,-29,6,4,8]} 1. e4 e5 2. Nf3 Nc6 3. Bb5 a6 4. Ba4 Nge7 5. c3 g6 6. d4 exd4 7. cxd4 Bg7 8. O-O b5 {C60: Ruy Lopez: Unusual Black 3rd moves and 3...g6} 9. Bc2 d6 (9... d5 10. exd5 Nxd5 11. Re1+ Be6 12. Bg5 Qd7 13. Nc3 O-O 14. Be4 Rae8 15. Bxd5 Bxd5 16. Ne5 Nxe5 17. dxe5 {½-½ (32) Anand,V (2760)-Mamedyarov,S (2808) Stavanger 2018}) 10. h3 O-O 11. Nc3 h6 {LiveBook: 7 Games} 12. Re1 d5 13. Nxd5 $146 (13. e5 $16) ({Predecessor:} 13. e5 Be6 14. a4 b4 15. Ne2 a5 16. Nf4 {0-1 (44) Vovk,A (2543)-Milchev,N (2421) Plancoet 2012}) 13... Nxd5 $14 14. exd5 Nb4 15. Bb3 Bb7 16. Bd2 Nxd5 17. Qc1 Kh7 18. Ne5 Qd6 19. Qc5 Bxe5 20. Rxe5 {[%cal Rb3d5]} Qxc5 21. dxc5 Rfd8 22. Ba5 {Strongly threatening c6!} Rd7 23. Rae1 Bc6 24. g3 Rad8 25. Kh2 Kg7 26. R1e2 Kf8 27. Bd2 Kg7 28. f4 b4 29. Be1 (29. Bxd5 $5 Bxd5 30. Bxb4 $11) 29... a5 30. Bc4 ({White should try} 30. a3 $11) 30... Kf8 (30... Nf6 $15) 31. f5 {[#] And now fxg6 would win.} Ne7 32. fxg6 Nxg6 33. Rf5 $132 {[%mdl 2048] White has counterplay} Bd5 34. Bb5 (34. Rxd5 $11 Rxd5 35. Bxd5 Rxd5 36. Bd2) 34... Re7 35. a3 (35. Bd2 $11 {remains equal.}) 35... Rxe2+ ({Black should play} 35... Bc6 $17 36. Bc4 Rd1 37. Rxe7 Kxe7 38. Rxf7+ Kd8) 36. Bxe2 $15 Re8 37. Rf2 bxa3 38. bxa3 a4 (38... Bf3 $5 39. Bxf3 Rxe1 $15) 39. Bd2 Kg7 {[%mdl 32768] Precision: White = 36%, Black = 42%. . Sensor Board Error (Ke4/e5)?} 0-1

[Event "21st Iraklios Athens Challenge 2018"]
[Site "Athens"]
[Date "2018.06.22"]
[Round "7"]
[White "Gazis, Efstathios"]
[Black "Kourkoulos-Arditis, Stamatis"]
[Result "0-1"]
[WhiteElo "2203"]
[BlackElo "2426"]
[Annotator "TA"]
[PlyCount "76"]
[EventDate "2018.06.16"]
[EventType "swiss"]
[EventCountry "GRE"]
[SourceTitle "playchess.com"]
[Source "ChessBase"]
[SourceQuality "1"]

{[%evp 19,76,0,0,0,0,0,0,-14,12,13,34,17,24,16,16,18,19,6,11,9,25,20,37,18,33,19,31,13,68,21,83,-120,-123,-123,-123,-114,-110,-124,-121,-145,-151,-147,-146,-275,-275,-349,-345,-399,-395,-479,-495,-525,-472,-453,-460,-456,-486,-850,-834]} 1. e4 e6 2. d4 d5 3. exd5 exd5 4. c4 Bb4+ 5. Nc3 Nf6 6. Bd3 O-O 7. Nge2 dxc4 8. Bxc4 h6 {C01: Französische Verteidigung (Abtauschvariante)} (8... Nbd7 9. O-O Nb6 10. Bb3 c6 11. Bg5 Be7 12. Re1 h6 13. Bh4 Nbd5 14. Nxd5 Nxd5 15. Bxe7 Nxe7 16. Nf4 {1-0 (68) Rakhmanov,A (2653)-Riazantsev,A (2650) Riadh 2017}) 9. O-O Nc6 10. a3 Bd6 {LiveBook: 5 Partien. Die Stellung ist ausgeglichen.} 11. Nb5 Bg4 $146 ({Vorgänger:} 11... Bf5 12. Nxd6 Qxd6 13. Bf4 Qd7 14. Rc1 Rad8 15. Bb5 Rfe8 16. Bxc6 bxc6 {1-0 (60) Chomczyk,M (2257)-Nowak,L (2242) Warsaw 2015}) 12. f3 Bf5 13. Nxd6 Qxd6 14. Bf4 Qe7 15. Ng3 Be6 16. Re1 Rad8 17. Bxe6 fxe6 18. Be3 Nd5 19. Bf2 $1 Qf7 20. Qb3 b6 21. Rac1 Nce7 22. Re4 Qg6 23. Rg4 Qh7 ({Lieber} 23... Qf7 $11) 24. Nh5 Rf7 {[#]} (24... g5 $11) 25. Bh4 $2 (25. Re1 $1 $16 {bleibt auf Kurs.}) 25... g5 $17 26. Bf2 Qg6 27. Ng3 Nf6 28. Qxe6 Rd6 {[%cal Bd8d6,Bd6c6,Bc6c2][%mdl 32]} 29. Qb3 Nxg4 30. fxg4 Rc6 $36 {[%mdl 2048] Schwarz bestimmt, wo es lang geht.} 31. Re1 (31. Qd1 $17) 31... Qc2 $19 32. Qe3 Nd5 ({Nicht} 32... Qxb2 {[#]} 33. Nf5 $1 $17 {[%mdl 512]}) 33. Qe2 Qxe2 34. Nxe2 Rc2 {Schwarz steht klar auf Gewinn.} 35. Bg3 Re7 36. Be5 Ne3 37. h3 Rxb2 38. Ng3 {[#]} (38. a4 $142) 38... Rxe5 $1 {[%mdl 512] Precision: Weiß = 38%, Schwarz = 51%.} 0-1

[Event "21st Iraklios Athens Challenge 2018"]
[Site "Athens"]
[Date "2018.06.22"]
[Round "7"]
[White "Galunova, Tsveta"]
[Black "Papadopoulos, Georgios"]
[Result "0-1"]
[WhiteElo "2200"]
[BlackElo "2301"]
[Annotator "NA"]
[PlyCount "82"]
[EventDate "2018.06.16"]
[EventType "swiss"]
[EventCountry "GRE"]
[SourceTitle "playchess.com"]
[Source "ChessBase"]
[SourceQuality "1"]
[TimeControl "5400+30"]

1. d4 Nf6 2. c4 g6 3. Nc3 Bg7 4. e4 d6 5. f3 O-O 6. Nge2 c5 7. d5 e6 8. Ng3 exd5 9. cxd5 h5 10. Bg5 Qb6 11. Qd2 Nh7 12. Bh4 Nd7 13. Be2 g5 14. Bxg5 Nxg5 15. Qxg5 Qxb2 16. Rc1 Nf6 17. Nd1 Qb4+ 18. Kf2 Qd4+ 19. Ne3 h4 20. Ngf5 Bxf5 21. Rhd1 Bxe4 22. Rxd4 cxd4 23. Nf5 Bxf5 24. Qxf5 Rae8 25. f4 Re3 26. Bd3 Rfe8 27. Rc7 R3e7 28. Rxe7 Rxe7 29. h3 Rc7 30. Qg5 Rc3 31. Ke2 Ra3 32. Bb1 Rg3 33. Qf5 Rxg2+ 34. Kf1 Rg3 35. Qc8+ Bf8 36. Qxb7 Rxh3 37. Ke2 Re3+ 38. Kd1 h3 39. Qb5 h2 40. Qf1 Rg3 41. Ke2 Rg1 0-1

[Event "21st Iraklios Athens Challenge 2018"]
[Site "Athens"]
[Date "2018.06.23"]
[Round "8"]
[White "Tilicheev, Viacheslav"]
[Black "Drazic, Sinisa"]
[Result "1-0"]
[WhiteElo "2513"]
[BlackElo "2410"]
[Annotator "TA"]
[PlyCount "49"]
[EventDate "2018.06.16"]
[EventType "swiss"]
[EventCountry "GRE"]
[SourceTitle "playchess.com"]
[Source "ChessBase"]
[SourceQuality "1"]

{[%evp 19,49,-30,-23,-41,-13,-25,-17,-20,0,-68,36,29,60,38,104,102,227,202,199,199,173,191,208,189,683,700,708,708,699,681,675,607]} 1. e4 d6 2. d4 Nf6 3. Nc3 e5 4. Nf3 Nbd7 5. g4 (5. Bc4 Be7 6. O-O O-O 7. Re1 c6 8. a4 a5 9. h3 Re8 10. Ba2 Bf8 11. Be3 Qc7 12. Ng5 Re7 13. f4 b6 14. fxe5 dxe5 15. d5 cxd5 16. exd5 {1-0 (16) Wang,H (2709)-Ivanchuk,V (2726) Huaian 2017}) 5... Nxg4 6. Rg1 {C41: Philidor Defence} Ngf6 7. Bc4 h6 8. Be3 c6 9. dxe5 dxe5 10. Qd3 b5 {LiveBook: 17 Games} 11. Bb3 Qa5 12. O-O-O Ba6 {[#] And now ...b4 would win.} 13. Nd2 O-O-O {White must now prevent ...b4.} 14. Qf1 {[#]} (14. Bxa7 $2 Kb7 $19) ({Better is} 14. Bxf7 $11 Nc5 15. Qf1) 14... Bb4 $146 ({Black should try} 14... b4 $1 $15 15. Ne2 Bb5) ({Predecessor:} 14... g5) 15. Rxg7 $14 Bxc3 16. bxc3 {Threatens to win with Qh3.} Qa3+ (16... c5 $1 $14) 17. Kb1 $16 b4 (17... c5 $16 {was worth a try.}) 18. Nc4 {aiming for cxb4.} Nxe4 19. Qd3 (19. Nxa3 $6 Bxf1 20. Rxf1 bxa3 $16) 19... Bxc4 20. Qxe4 Bd5 21. Bxd5 $40 {[%mdl 128] White attacks with force.} (21. Qxb4 $6 Qxb4 22. cxb4 Nf6 $16) 21... cxd5 $2 (21... bxc3 22. Bc1 cxd5 23. Rxd5 (23. Bxa3 dxe4 24. Be7 Rdg8 $14) (23. Qxd5 Qb4+ 24. Qb3 Qxb3+ 25. cxb3 Nc5 $14) 23... Qa6) 22. Rxd5 $18 {White is clearly winning.} ({Weaker is} 22. Qxd5 bxc3 23. Qb3 (23. Qc6+ Kb8 $16) 23... Qxb3+ 24. cxb3 (24. axb3 Nf6 $14) 24... Rdf8 $16) 22... Qxc3 23. Rd3 Qc7 24. Rxf7 Rhg8 {[#]} 25. Rfxd7 $1 {[%mdl 512]} 1-0

[Event "21st Iraklios Athens Challenge 2018"]
[Site "Athens"]
[Date "2018.06.23"]
[Round "8"]
[White "Kourkoulos-Arditis, Stamatis"]
[Black "Karousos-Theodorakis, Nikolao"]
[Result "1/2-1/2"]
[WhiteElo "2426"]
[BlackElo "2205"]
[Annotator "TA"]
[PlyCount "103"]
[EventDate "2018.06.16"]
[EventType "swiss"]
[EventCountry "GRE"]
[SourceTitle "playchess.com"]
[Source "ChessBase"]
[SourceQuality "1"]

{[%evp 24,103,63,66,81,80,111,113,142,155,147,146,158,167,167,155,176,173,202,175,194,195,194,189,200,195,184,8,8,0,0,-42,-38,-39,-43,-52,-22,-54,8,7,7,8,8,8,8,8,11,8,8,8,8,8,8,8,8,8,26,8,14,12,14,8,19,19,19,19,19,0,27,27,27,27,27,8,27,27,27,0,27,27,27,0]} 1. e4 c5 2. Nf3 d6 3. d4 cxd4 4. Nxd4 Nf6 5. Nc3 a6 6. Be2 e5 7. Nb3 Be7 8. Be3 Be6 9. Nd5 Nbd7 10. Qd3 O-O {B92: Sicilian Najdorf: 6 Be2} 11. c4 (11. O-O Bxd5 12. exd5 Ne8 13. a4 Bg5 14. a5 Bxe3 15. Qxe3 Nef6 16. c4 Rb8 17. Rfb1 Qc7 18. Nd2 b6 19. Nb3 Nc5 20. axb6 Rxb6 21. Nxc5 dxc5 {½-½ (59) Carlsen,M (2838)-Vachier Lagrave,M (2803) Karlsruhe/Baden-Baden 2017}) 11... Rc8 12. O-O Nc5 13. Nxc5 {LiveBook: 3 Games} dxc5 14. b3 Bxd5 15. cxd5 b5 $146 ({Predecessor:} 15... Ne8 16. Rac1 b6 17. b4 a5 18. bxc5 Bxc5 19. Bxc5 bxc5 {½-½ (26) Vehi Bach,V (2388)-Gonzalez Vidal,Y (2475) Barbera del Valles 2007}) 16. Rfc1 Qc7 17. a4 Rfd8 18. f3 Rb8 19. axb5 axb5 20. Ra6 Qb7 21. Ra5 c4 22. bxc4 bxc4 23. Rxc4 Qb1+ 24. Qxb1 Rxb1+ 25. Kf2 $2 (25. Bc1 $18) 25... Bb4 $11 26. Rxb4 Rxb4 27. d6 Rbb8 28. Rxe5 {[#] aiming for Ra5.} Rxd6 29. Ra5 {And now Bf4 would win.} Rdd8 30. e5 Rd5 (30... Nd5 $15) 31. Ra7 Rxe5 {[#] ...Rbe8 is the strong threat.} 32. Bf4 Rxe2+ 33. Kxe2 {[%mdl 4096] Endgame KRB-KRN} Re8+ 34. Kf2 h6 35. g4 Nd5 36. Bd2 Re7 37. Ra8+ Kh7 38. Rd8 Nf6 39. Bc3 Rc7 40. Bd4 Nd7 41. f4 Nc5 42. f5 (42. Be3 {keeps more tension.} Ne6 43. Rd5 Rc2+ 44. Kg3 Re2 45. Rd3) 42... Rd7 (42... f6 {is more complex.} 43. Kg3 Nb3 44. Be3 Na5 45. Kh4 Rc4) 43. Rxd7 Nxd7 {KB-KN} 44. Kf3 f6 45. h4 Kg8 46. Ke4 Kf7 47. Kd5 Nf8 48. Be3 Nh7 49. Kd6 Nf8 50. Kd5 Nh7 51. Bc5 Nf8 52. Be3 {Precision: White = 47%, Black = 52%.} 1/2-1/2

[Event "21st Iraklios Athens Challenge 2018"]
[Site "Athens"]
[Date "2018.06.23"]
[Round "8"]
[White "Lekic, Dusan"]
[Black "Papadopoulos, Georgios"]
[Result "0-1"]
[WhiteElo "2368"]
[BlackElo "2301"]
[Annotator "NA"]
[PlyCount "93"]
[EventDate "2018.06.16"]
[EventType "swiss"]
[EventCountry "GRE"]
[SourceTitle "playchess.com"]
[Source "ChessBase"]
[SourceQuality "1"]
[TimeControl "5400+30"]

1. d4 Nf6 2. c4 g6 3. Nc3 Bg7 4. e4 d6 5. h3 O-O 6. Be3 c5 7. Nf3 cxd4 8. Nxd4 b6 9. g3 Bb7 10. Bg2 Nbd7 11. O-O Nc5 12. Qc2 Rc8 13. Rac1 a6 14. Qb1 e6 15. b4 Ncd7 16. e5 Bxg2 17. exf6 Bxf1 18. fxg7 Kxg7 19. Kxf1 Rxc4 20. Nce2 Rxc1+ 21. Qxc1 Kh8 22. Bh6 Re8 23. Qf4 Qe7 24. Nc6 e5 25. Nxe7 exf4 26. Nd5 fxg3 27. Be3 gxf2 28. Bd4+ Kg8 29. Nxb6 Nxb6 30. Bxb6 Re4 31. Nd4 Re1+ 32. Kxf2 Ra1 33. Nc6 Rxa2+ 34. Kg3 f5 35. Ba5 Kf7 36. Nb8 Ke6 37. Nxa6 Kd5 38. Nc7+ Ke4 39. h4 f4+ 40. Kh3 d5 41. Nb5 d4 42. Bb6 Rb2 43. Bc5 d3 44. Nc3+ Kf3 45. b5 d2 46. b6 Rb1 47. Bd4 0-1

[Event "21st Iraklios Athens Challenge 2018"]
[Site "Athens"]
[Date "2018.06.23"]
[Round "8"]
[White "Katopodis, Dimitrios"]
[Black "Sipsis, Tsatsoulis Georgios"]
[Result "1/2-1/2"]
[WhiteElo "2256"]
[BlackElo "1577"]
[Annotator "NA"]
[PlyCount "27"]
[EventDate "2018.06.16"]
[EventType "swiss"]
[EventCountry "GRE"]
[SourceTitle "playchess.com"]
[Source "ChessBase"]
[SourceQuality "1"]
[TimeControl "5400+30"]

1. Nf3 d5 2. c4 c6 3. e3 Nf6 4. Nc3 a6 5. h3 Bf5 6. b3 h6 7. Ba3 Nbd7 8. Be2 e6 9. Bxf8 Nxf8 10. O-O N8d7 11. Qc1 O-O 12. Qa3 Re8 13. Rac1 a5 14. cxd5 1/2-1/2

[Event "21st Iraklios Athens Challenge 2018"]
[Site "Athens"]
[Date "2018.06.24"]
[Round "9"]
[White "Nikolov, Momchil"]
[Black "Katopodis, Dimitrios"]
[Result "1-0"]
[WhiteElo "2541"]
[BlackElo "2256"]
[Annotator "TA"]
[PlyCount "73"]
[EventDate "2018.06.16"]
[EventType "swiss"]
[EventCountry "GRE"]
[SourceTitle "playchess.com"]
[Source "ChessBase"]
[SourceQuality "1"]

{[%evp 24,73,7,6,11,9,7,-27,9,-13,-11,-13,0,0,0,0,0,0,0,0,43,35,247,245,247,229,350,346,465,443,507,476,496,451,584,427,556,561,560,562,585,572,753,558,540,499,471,487,518,496,490,531]} 1. d4 d5 2. c4 c6 3. Nf3 Nf6 4. Nc3 e6 5. Bg5 Nbd7 6. cxd5 exd5 7. e3 Be7 8. Bd3 h6 9. Bf4 Nh5 {D35: Queen's Gambit Declined: Exchange Variation} 10. Be5 Nhf6 11. O-O (11. Bg3 Nh5 12. O-O Nxg3 13. hxg3 {½-½ (29) Reinderman,D (2604)-Bok,B (2586) Amsterdam 2014}) 11... O-O 12. Qc2 Nxe5 13. Nxe5 {LiveBook: 3 Games} Ng4 14. Nf3 Bd6 15. Rab1 a5 16. Rfe1 $146 ({Predecessor:} 16. a3 Re8 17. b4 b5 18. e4 dxe4 19. Nxe4 {½-½ (88) Kopasov,E (2014)-Glazov,A (1835) St Petersburg 2012}) 16... Re8 17. a3 Qe7 18. e4 dxe4 19. Nxe4 Be6 20. Nc5 Bxc5 $1 21. dxc5 Rad8 22. Bf5 $36 {[%mdl 2048] And now Bxg4 would win. White has the initiative.} Qd7 $2 {[#]} ({Better is} 22... Nf6 $14) 23. Rxe6 $1 $18 {[%mdl 512]} fxe6 (23... Rxe6 24. Bxg4) 24. Bxg4 Qd5 (24... Qd3 {was worth a try.} 25. Qxd3 Rxd3) 25. Re1 e5 26. Bf5 {[%cal Bg4f5,Bf5e4,Be4c2][%mdl 32] White is clearly winning.} Kh8 27. h4 a4 28. Be4 Qa2 29. Qc3 Qe6 30. Bc2 Rd5 31. Bxa4 Qe7 32. b4 Qf6 33. Bc2 e4 34. Qxf6 gxf6 35. Bxe4 Rdd8 36. g4 Ra8 37. Re3 {Precision: White = 71%, Black = 38%.} 1-0